Statistics for Drake Charting Songs (Billboard Hot 100)

Click here to take the quiz!

General Stats

  • This quiz has been taken 785 times
    (53 since last reset)
  • The average score is 55 of 228

Answer Stats

Album+Weeks OnPeakArtistsSong% Correct
Scorpion36 Weeks#1 (11 Weeks)DrakeGod's Plan
76%
Views36 Weeks#1 (10 Weeks)Drake feat. WizKid & KylaOne Dance
76%
Anti36 Weeks#1 (9 Weeks)Rihanna feat. DrakeWork
71%
Take Care34 Weeks#7Drake feat. RihannaTake Care
67%
Views36 Weeks#2DrakeHotline Bling
62%
Scorpion22 Weeks#1 (10 Weeks)DrakeIn My Feelings
60%
Certified Lover Boy22 Weeks#2Drake ft. Lil DurkLaugh Now Cry Later
60%
Dark Lane Demo Tapes12 Weeks#14Drake ft. GiveonChicago Freestyle
60%
Scorpion25 Weeks#1 (8 Weeks)DrakeNice For What
58%
Nothing Was The Same33 Weeks#4Drake feat. Majid JordanHold On, We're Going Home
56%
So Far Gone24 Weeks#2DrakeBest I Ever Had
56%
High Off Life38 Weeks#2Future ft. DrakeLife Is Good
53%
Dark Lane Demo Tapes20 Weeks#1 (1 Week)DrakeToosie Slide
53%
Views29 Weeks#14Drake feat. RihannaToo Good
53%
More Life20 Weeks#8DrakePassionfruit
53%
Scorpion22 Weeks#2DrakeNonstop
53%
Views26 Weeks#16DrakeControlla
51%
Take Care18 Weeks#21DrakeMarvin's Room
51%
Take Care25 Weeks#13DrakeHeadlines
51%
Nothing Was The Same22 Weeks#6DrakeStarted From The Bottom
49%
Dark Lane Demo Tapes3 Weeks#7Drake ft. Playboi CartiPain 1993
47%
Best in the World Pack23 Weeks#7Drake feat. Rick RossMoney In The Grave
47%
More Than A Game24 Weeks#8Drake feat. Kanye West, Lil Wayne and EminemForever
47%
Simi25 Weeks#5Blocboy JB feat. DrakeLook Alive
47%
Take Care20 Weeks#80Drake feat. The WeekndCrew Love
44%
Khaled Khaled15 Weeks#8DJ Khaled ft. DrakeGREECE
44%
Khaled Khaled19 Weeks#3DJ Khaled ft. DrakePOPSTAR
44%
Take Care35 Weeks#14Drake feat. Lil WayneThe Motto
44%
The Pinkprint25 Weeks#12Nicki Minaj feat. Drake, Lil Wayne & Chris BrownOnly
44%
Championships37 Weeks#6Meek Mill feat. DrakeGoing Bad
44%
Loud22 Weeks#1 (1 Week)Rihanna feat. DrakeWhat's My Name?
42%
Nothing Was The Same10 Weeks#65Drake feat. Jay-ZPound Cake / Paris Morton Music 2
42%
More Life16 Weeks#9Drake feat. Quavo & Travi$ ScottPortland
42%
What A Time To Be Alive32 Weeks#12Drake feat. FutureJumpman
42%
Indigo46 Weeks#5Chris Brown feat. DrakeNo Guidance
42%
Harder Than Ever29 Weeks#6Lil Baby feat. DrakeYes Indeed
40%
More Life25 Weeks#8DrakeFake Love
38%
Take Care20 Weeks#62Drake feat. Lil WayneHYFR (Hell Ya Fucking Right)
38%
Views1 Week#86DrakeViews
38%
Nothing Was The Same2 Weeks#67Drake feat. Jhene AikoFrom Time
38%
Thank Me Later20 Weeks#14DrakeOver
36%
If You're Reading This It's Too Late20 Weeks#26DrakeEnergy
36%
Dark Lane Demo Tapes1 Week#35DrakeWhen to Say When
36%
Long. Live. ASAP27 Weeks#8ASAP Rocky feat. Drake, 2 Chainz & Kendrick LamarFucking Problems
33%
Scorpion8 Weeks#13DrakeMob Ties
33%
Scorpion16 Weeks#7DrakeI'm Upset
33%
Thank Me Later21 Weeks#5DrakeFind Your Love
33%
Views5 Weeks#45Drake9
31%
Dark Lane Demo Tapes2 Weeks#27Drake ft. FutureDesires
31%
Nothing Was The Same20 Weeks#20Drake feat. Big Sean & 2 ChainzAll Me
31%
If You're Reading This It's Too Late1 Week#83Drake6 God
31%
Nothing Was The Same1 Week#81DrakeTuscan Leather
31%
Culture II22 Weeks#10Migos ft. DrakeWalk It Talk It
31%
If You're Reading This It's Too Late12 Weeks#52DrakeLegend
31%
Dark Lane Demo Tapes1 Week#52DrakeWar
31%
If You're Reading This It's Too Late20 Weeks#53DrakeKnow Yourself
31%
Dark Lane Demo Tapes2 Weeks#19Future, Drake & Young ThugD4L
31%
More Life2 Weeks#45Drake feat. Black Coffee & Jorja SmithGet It Together
29%
Views14 Weeks#49DrakeChilds Play
29%
What A Time To Be Alive20 Weeks#52Drake & FutureBig Rings
29%
Views9 Weeks#38Drake feat. FutureGrammys
29%
Good Kid, M.A.A.D City24 Weeks#26Kendrick Lamar feat. DrakePoetic Justice
29%
More Life2 Weeks#48Drake feat. GiggsKMT
29%
Take Care1 Week#100DrakeShot For Me
29%
Scorpion5 Weeks#9Drake ft. Michael JacksonDon't Matter To Me
29%
More Life2 Weeks#40Drake feat. GiggsNo Long Talk
27%
More Life4 Weeks#18DrakeFree Smoke
27%
More Life4 Weeks#38DrakeBlem
27%
The Return Of East Atlanta Santa22 Weeks#41Gucci Mane feat. DrakeBoth
27%
Scorpion2 Weeks#32DrakeJaded
27%
ILoveMakonnen22 Weeks#12ILoveMakonnen feat. DrakeTuesday
27%
More Life2 Weeks#50Drake feat. Sampha4422
27%
Dark Lane Demo Tapes1 Week#51DrakeLosses
27%
Scorpion2 Weeks#28DrakeSummer Games
27%
Take Care20 Weeks#9Drake feat. Nicki MinajMake Me Proud
27%
Scorpion1 Week#57DrakeMarch 14
27%
Views20 Weeks#16Drake feat. The Throne (Jay-Z & Kanye West)Pop Style
27%
Scary Hours EP3 Weeks#7DrakeDiplomatic Immunity
27%
What A Time To Be Alive1 Week#88Drake30 For 30 Freestyle
27%
Nothing Was The Same1 Week#87DrakeCome Thru
27%
X 100pre27 Weeks#5Bad Bunny feat. DrakeMIA
27%
Scorpion4 Weeks#8DrakeEmotionless
27%
Nothing Was The Same1 Week#64Drake feat. SamphaToo Much
27%
What A Time To Be Alive7 Weeks#62Drake & FutureDigital Dash
27%
Dark Lane Demo Tapes2 Weeks#34Drake ft. Fivio Foreign & Sosa GeekDemons
27%
We the Best Forever23 Weeks#10DJ Khaled feat. Drake, Rick Ross and Lil WayneI'm On One
24%
Savage Mode II15 Weeks#1021 Savage & Metro Boomin ft. DrakeMr. Right Now
24%
Partymobile3 Weeks#60PARTYNEXTDOOR ft. DrakeLoyal
24%
Views2 Weeks#72Drake feat. Pimp C & dvsnFaithful
24%
More Life2 Weeks#60DrakeDo Not Disturb
24%
Dark Lane Demo Tapes1 Week#45DrakeFrom Florida with Love
24%
Tha Carter IV21 Weeks#3Lil Wayne feat. DrakeShe Will
24%
Scorpion3 Weeks#14DrakeElevate
24%
If You're Reading This It's Too Late13 Weeks#58Drake10 Bands
24%
Scorpion4 Weeks#18DrakeCan't Take A Joke
24%
More Life4 Weeks#35DrakeTeenage Fever
24%
More Life11 Weeks#29DrakeGyalchester
24%
Scorpion3 Weeks#20Drake feat. Jay-ZTalk Up
24%
Dark Lane Demo Tapes2 Weeks#30DrakeTime Flies
24%
Scorpion2 Weeks#27DrakeSandra's Rose
24%
Views10 Weeks#33DrakeHype
24%
Dark Lane Demo Tapes1 Week#25Drake ft. Chris BrownNot You Too
24%
Views3 Weeks#61DrakeRedemption
22%
Scorpion3 Weeks#30DrakeBlue Tint
22%
Non-Album Single14 Weeks#28Drake feat. 21 SavageSneakin'
22%
Dark Sky Paradise20 Weeks#28Big Sean feat. Drake & Kanye WestBlessings
22%
Pink Friday23 Weeks#13Nicki Minaj feat. DrakeMoment 4 Life
22%
Non-Album Single20 Weeks#47French Montana ft. DrakeNo Stylist
22%
More Life2 Weeks#54Drake feat. Kanye WestGlow
22%
Lil Boat 36 Weeks#55Lil Yachty & DaBaby ft. DrakeOprah's Bank Account
22%
More Life2 Weeks#49DrakeJorja Interlude
22%
If You're Reading This It's Too Late2 Weeks#82Drake feat. PARTYNEXTDOORPreach
22%
Non-Album Single20 Weeks#21DrakeBack To Back
22%
If You're Reading This It's Too Late1 Week#97Drake6 Man
22%
Dark Lane Demo Tapes1 Week#39DrakeLanded
22%
Non-Album Single6 Weeks#36DrakeSigns
22%
What A Time To Be Alive2 Weeks#78Drake & FuturePlastic Bag
22%
More Life3 Weeks#36Drake feat. 2 Chainz & Young ThugSacrifices
22%
Non-Album Single7 Weeks#14Nicki Minaj feat. Drake & Lil WayneNo Frauds
22%
Last Day of Summer20 Weeks#37Summer Walker & DrakeGirls Need Love
22%
Scorpion2 Weeks#17DrakeSurvival
20%
If You're Reading This It's Too Late2 Weeks#84Drake feat. Lil WayneUsed To
20%
Thank Me Later20 Weeks#15Drake feat. Lil WayneMiss Me
20%
More Life1 Week#76Drake feat. SkeptaSkepta Interlude
20%
What A Time To Be Alive8 Weeks#53Drake & FutureDiamonds Dancing
20%
Views4 Weeks#75DrakeFire & Desire
20%
P324 Weeks#55PARTYNEXTDOOR feat. DrakeCome And See Me
20%
Non-Album Single14 Weeks#6DrakeSummer Sixteen
20%
If You're Reading This It's Too Late (Physical Edition) and Care Package1 Week#60DrakeHow Bout Now
20%
Scorpion3 Weeks#21Drake8 Out Of 10
20%
Scorpion1 Week#51DrakeRatchet Happy Birthday
20%
Views2 Weeks#68DrakeKeep The Family Close
20%
Views6 Weeks#53DrakeFeel No Ways
20%
Major Key20 Weeks#13DJ Khaled feat. DrakeFor Free
20%
Scorpion2 Weeks#36DrakeIs There More
20%
Non-Album Single20 Weeks#35Drake0 to 100/ The Catch Up
20%
Scorpion3 Weeks#41Drake ft. Static Major & Ty Dolla $ignAfter Dark
20%
Scorpion1 Week#56DrakeFinal Fantasy
18%
Drip Harder8 Weeks#15Lil Baby & Gunna ft. DrakeNever Recover
18%
Best in the World Pack2 Weeks#35DrakeOmerta
18%
Views2 Weeks#54DrakeWeston Road Flows
18%
Dreams Worth More Than Money13 Weeks#40Meek Mill feat. DrakeR.I.C.O.
18%
What A Time To Be Alive7 Weeks#69Drake & FutureScholarships
18%
If You're Reading This It's Too Late1 Week#95DrakeNow And Forever
18%
The Pinkprint20 Weeks#14Nicki Minaj feat. Drake & Lil WayneTruffle Butter
18%
Scorpion2 Weeks#42DrakeFinesse
18%
Views7 Weeks#47Drake feat. PARTYNEXTDOORWith You
18%
Nothing Was The Same (Deluxe Edition) and Care Package1 Week#61DrakeThe Motion
18%
I Am Not A Human Being II22 Weeks#9Lil Wayne feat. Drake & FutureLove Me
18%
Young Money: Rise of an Empire20 Weeks#50Young Money feat. DrakeTrophies
18%
More Life2 Weeks#62Drake feat. Young ThugIce Melts
18%
Thank Me Later1 Week#71Drake feat. Alicia KeysFireworks
18%
If You're Reading This It's Too Late2 Weeks#81DrakeNo Tellin'
16%
Dark Lane Demo Tapes1 Week#32DrakeDeep Pockets
16%
Port of Miami 23 Weeks#39Rick Ross ft. DrakeGold Roses
16%
Scorpion2 Weeks#38DrakePeak
16%
Thank Me Later20 Weeks#25Drake feat. T.I. & Swizz BeatzFancy
16%
Non-Album Single19 Weeks#58DrakeRight Hand
16%
Care Package1 Week#85DrakeClub Paradise
16%
MC411 Weeks#36French Montana feat. DrakeNo Shopping
16%
Nothing Was The Same2 Weeks#56DrakeFurthest Thing
16%
What A Time To Be Alive3 Weeks#82Drake & FutureChange Locations
16%
Views4 Weeks#44DrakeU With Me?
16%
DS225 Weeks#28Future feat. DrakeWhere Ya At?
16%
Nothing Was The Same3 Weeks#52DrakeWu-Tang Forever
16%
So Far Gone18 Weeks#17Drake feat. Trey Songz & Lil WayneSuccessful
16%
A N N I V E R S A R Y1 Week#48Bryson Tiller ft. DrakeOutta Time
16%
Thank Me Later2 Weeks#49Drake feat. Nicki MinajUp All Night
16%
God Forgives, I Don't16 Weeks#71Rick Ross feat. Wale & DrakeDiced Pineapples
16%
Nothing Was The Same20 Weeks#51DrakeThe Language
16%
The Documentary 210 Weeks#82The Game feat. Drake100
16%
Nothing Was The Same1 Week#78DrakeOwn It
13%
I Am Not A Human Being24 Weeks#6Lil Wayne feat. DrakeRight Above It
13%
Non-Album Single1 Week#73DrakeTwo Birds, One Stone
13%
Views10 Weeks#40DrakeStill Here
13%
More Life1 Week#64DrakeLose You
13%
Scorpion2 Weeks#37DrakeThat's How You Feel
13%
Still Brazy18 Weeks#62YG feat. Drake & KamaiyahWhy You Always Hatin'
13%
More Life2 Weeks#61DrakeNothings Into Somethings
13%
Beyonce2 Weeks#82Beyonce feat. DrakeMine
13%
Excuse My French22 Weeks#36French Montana feat. Drake, Rick Ross & Lil WaynePop That
13%
Take Care1 Week#89Drake feat. BirdmanWe'll Be Fine
13%
Non-Album Single1 Week#75Swae Lee ft. DrakeWon't Be Late
13%
Non-Album Single1 Week#78DrakeCharged Up
13%
What A Time To Be Alive5 Weeks#74Drake & FutureLive From The Gutter
11%
Top Boy2 Weeks#75DrakeBehind Barz
11%
What A Time To Be Alive5 Weeks#76Drake & FutureI'm The Plug
11%
More Life1 Week#70Drake feat. PARTYNEXTDOORSince Way Back
11%
Beast Mode 1618 Weeks#14Future feat. DrakeUsed To This
11%
Care Package1 Week#58DrakeTrust Issues
11%
Nothing Was The Same11 Weeks#89DrakeWorst Behaviour
11%
Love Scars: The 5 Stages of Emotions (Deluxe)6 Weeks#52Yung Bleu ft. DrakeYou're Mines Still
11%
More Life2 Weeks#51DrakeMadiba Riddim
11%
Suffering From Success19 Weeks#37DJ Khaled feat. Drake, Rick Ross & Lil WayneNo New Friends
9%
Best Night Of My Life18 Weeks#50Jamie Foxx feat. DrakeFall For Your Type
9%
Care Package1 Week#68DrakeDreams Money Can Buy
9%
Teflon Don20 Weeks#30Rick Ross feat. Chrisette Michele & DrakeAston Martin Music
9%
Grateful4 Weeks#53DJ Khaled feat. DrakeTo The Max
9%
Dreams And Nightmares18 Weeks#57Meek Mill feat. DrakeAmen
9%
Non-Album Single20 Weeks#26Lil Wayne feat. DrakeBelieve Me
9%
Based on a T.R.U. Story26 Weeks#242 Chainz feat. DrakeNo Lie
9%
So Far Gone17 Weeks#40Drake feat. Lil Wayne & Young JeezyI'm Going In
7%
More Life2 Weeks#82DrakeCan't Have Everything
7%
Club Paradise1 Week#95DrakeDays in the East
7%
Non-Album Single5 Weeks#71Metro Boomin ft. Offset & DrakeNo Complaints
7%
Priceless20 Weeks#26Birdman feat. Drake & Lil WayneMoney To Blow
7%
Rich Forever2 Weeks#58Rick Ross feat. Drake & French MontanaStay Schemin'
7%
Triple F Life: Friends, Fans and Family8 Weeks#86Waka Flocka Flame feat. DrakeRound Of Applause
4%
My Krazy Life20 Weeks#54YG feat. DrakeWho Do You Love?
4%
QUAVO HUNCHO1 Week#48Quavo ft. DrakeFlip The Switch
4%
Tha Carter IV1 Week#79Lil Wayne feat. Jadakiss & DrakeIt's Good
4%
Intuition1 Week#92Jamie Foxx feat. Drake, Kanye West & The-DreamDigital Girl (Remix)
4%
Last Train To Paris2 Weeks#91Diddy - Dirty Money feat. DrakeLoving You No More
4%
Stronger With Each Tear10 Weeks#63Mary J. Blige feat. DrakeThe One
4%
Non-Album Single2 Weeks#532 Chainz feat. Drake & QuavoBigger > You
4%
I Am Not A Human Being3 Weeks#17Lil Wayne feat. DrakeGonorrhea
4%
Everybody Looking1 Week#81Gucci Mane & DrakeBack On Road
4%
Thank Me Later1 Week#57Drake9AM In Dallas
4%
Shock Value II20 Weeks#23Timbaland feat. DrakeSay Something
4%
Formula Vol 211 Weeks#45Romeo Santos feat. DrakeOdio
2%
My Life II... The Journey Continues (Act 1)9 Weeks#87Mary J. Blige feat. DrakeMr. Wrong
2%
Careless World: Rise of the Last King1 Week#89Tyga feat. DrakeStill Got It
2%
Priceless3 Weeks#90Birdman feat. Drake and Lil Wayne4 My Town (Play Ball)
2%
Take Care1 Week#67DrakeHate Sleeping Alone
2%
B.O.A.T.S. II: Me Time1 Week#942 Chainz feat. Drake & Lil WayneI Do It
2%
Believe1 Week#95Justin Bieber feat. DrakeRight Here
2%
Passion, Pain and Pleasure11 Weeks#68Trey Songz feat. DrakeUnusual
2%
Ready20 Weeks#42Trey Songz feat. DrakeI Invented Sex
2%

Score Distribution

Percentile by Number Answered

Percent of People with Each Score

Your Score History

You have not taken this quiz since the last reset